Fr. Conceicao Rodrigues College of Engineering

Web programming:Building internet applications (Record no. 31936)

MARC details
000 -LEADER
fixed length control field 00367nam a2200169Ia 4500
082 ## - DEWEY DECIMAL CLASSIFICATION NUMBER
Classification number 4.65
Item number BAT
100 ## - MAIN ENTRY--PERSONAL NAME
Personal name Bates/Chris
250 ## - EDITION STATEMENT
Edition statement 3
245 ## - TITLE STATEMENT
Title Web programming:Building internet applications
260 ## - PUBLICATION, DISTRIBUTION, ETC.
Name of publisher, distributor, etc. Wiley India
Place of publication, distribution, etc. Mumbai
Date of publication, distribution, etc. 2006
366 ## - TRADE AVAILABILITY INFORMATION
Publishers's discount category 25
300 ## - PHYSICAL DESCRIPTION
Extent 654
546 ## - LANGUAGE NOTE
Language note ENGLISH
650 ## - SUBJECT ADDED ENTRY--TOPICAL TERM
Topical term or geographic name entry element Web Programming
654 ## - SUBJECT ADDED ENTRY--FACETED TOPICAL TERMS
Focus term web
942 ## - ADDED ENTRY ELEMENTS (KOHA)
Koha item type BOOK
Holdings
Withdrawn status Lost status Damaged status Not for loan Collection Home library Current library Date acquired Source of acquisition Cost, normal purchase price Inventory number Total Checkouts Full call number Barcode Date last seen Cost, replacement price Price effective from Koha item type
        CRC Fr. Agnel's C.Rodrigues College of Engineering Fr. Agnel's C.Rodrigues College of Engineering 17/03/2023 Dharma Enterprises 299.25 1618 dt 08/08/2009   4.65 BAT 19936 17/03/2023 399.00   BOOK
        CRC Fr. Agnel's C.Rodrigues College of Engineering Fr. Agnel's C.Rodrigues College of Engineering 17/03/2023 Dharma Enterprises 299.25 1618 dt 08/08/2009   4.65 BAT 19937 17/03/2023 399.00   BOOK